<?xml version="1.0" encoding="UTF-8"?>
<record
    xmlns:xsi="http://www.w3.org/2001/XMLSchema-instance"
    xsi:schemaLocation="http://www.loc.gov/MARC21/slim http://www.loc.gov/standards/marcxml/schema/MARC21slim.xsd"
    xmlns="http://www.loc.gov/MARC21/slim">

  <leader>00830nam a22001697a 4500</leader>
  <controlfield tag="005">20260305160737.0</controlfield>
  <datafield tag="010" ind1=" " ind2=" ">
    <subfield code="a">BACHN26</subfield>
  </datafield>
  <datafield tag="020" ind1=" " ind2=" ">
    <subfield code="a">9789369586622</subfield>
    <subfield code="c">350.00</subfield>
  </datafield>
  <datafield tag="037" ind1=" " ind2=" ">
    <subfield code="b">&#x90F;&#x938;.&#x91A;&#x93E;&#x928;&#x94D;&#x926; &#x90F;&#x902;&#x921; &#x915;&#x902;&#x92A;&#x928;&#x940; &#x92A;&#x94D;&#x930;&#x93E;.&#x932;&#x93F;.</subfield>
  </datafield>
  <datafield tag="082" ind1=" " ind2=" ">
    <subfield code="2">1</subfield>
    <subfield code="a">000</subfield>
  </datafield>
  <datafield tag="100" ind1=" " ind2=" ">
    <subfield code="a">&#x927;&#x92E;&#x947;&#x902;&#x928;&#x94D;&#x926;&#x94D;&#x930;</subfield>
    <subfield code="9">88067</subfield>
  </datafield>
  <datafield tag="245" ind1=" " ind2=" ">
    <subfield code="a">&#x905;&#x902;&#x917;&#x94D;&#x930;&#x947;&#x91C;&#x940;&#x915;&#x93E; &#x926;&#x93F;&#x935;&#x94D;&#x92F;&#x93E;&#x938;&#x94D;&#x924;&#x94D;&#x930; : </subfield>
    <subfield code="b">SSC CGL Tier 1 &amp; 2 English PYQ (2022-24)/</subfield>
    <subfield code="c">&#x927;&#x92E;&#x947;&#x902;&#x926;&#x94D;&#x930; </subfield>
  </datafield>
  <datafield tag="260" ind1=" " ind2=" ">
    <subfield code="a">&#x909;&#x924;&#x94D;&#x924;&#x930; &#x92A;&#x94D;&#x930;&#x926;&#x947;&#x936;</subfield>
    <subfield code="b">&#x90F;&#x938;.&#x91A;&#x93E;&#x928;&#x94D;&#x926; &#x92A;&#x92C;&#x94D;&#x932;&#x93F;&#x936;&#x93F;&#x902;&#x917;</subfield>
    <subfield code="c">2026</subfield>
  </datafield>
  <datafield tag="270" ind1=" " ind2=" ">
    <subfield code="a">&#x921;&#x940;-92, &#x938;&#x948;&#x915;&#x94D;&#x91F;&#x930;-2, &#x928;&#x94B;&#x90F;&#x921;&#x93E;</subfield>
    <subfield code="b">&#x909;&#x924;&#x94D;&#x924;&#x930; &#x92A;&#x94D;&#x930;&#x926;&#x947;&#x936;</subfield>
    <subfield code="e">201301</subfield>
    <subfield code="k">61-120-4682700</subfield>
  </datafield>
  <datafield tag="300" ind1=" " ind2=" ">
    <subfield code="a">312&#x92A;&#x943;.</subfield>
    <subfield code="c">27&#x938;&#x947;&#x92E;&#x940;(&#x905;&#x91C;&#x93F;&#x932;&#x94D;&#x926;) </subfield>
  </datafield>
  <datafield tag="942" ind1=" " ind2=" ">
    <subfield code="2">ddc</subfield>
    <subfield code="c">HN</subfield>
    <subfield code="m">&#x927;&#x92E;&#x947;&#x902;&#x926;&#x94D;&#x930;</subfield>
    <subfield code="h">000</subfield>
  </datafield>
  <datafield tag="999" ind1=" " ind2=" ">
    <subfield code="c">215314</subfield>
    <subfield code="d">215314</subfield>
  </datafield>
</record>
